Japanese Military Aircraft Quiz - JSDF - Statistics

General Stats
  • This quiz has been taken 12 times
    8 since last reset
  • The average score is 31 of 76
Answer Stats
Picture Hint Answer % Correct
Mitsubishi F-2A "Viper Zero"
100%
Kawasaki C-1
86%
Kawasaki C-2
86%
Kawasaki P-1
86%
Fuji AH-1S Cobra
71%
Fuji AH-64DJP Apache
71%
Lockheed C-130H Hercules
71%
Douglas C-47J (R4D-6) "Manazuru"
71%
Kawasaki CH-47JA Chinook
71%
Boeing E-767
71%
Mitsubishi F-1
71%
Mitsubishi F-15J Eagle
71%
Lockheed Martin F-35A Lightning II
71%
Mitsubishi F-4EJ Kai Phantom II
71%
Mitsubishi F-86F "Kyokukō"
71%
Bell Boeing MV-22B Osprey
71%
Grumman S-2A (S2F-1) "Aotaka"
71%
Fuji UH-1J Iroquois
71%
Mitsubishi F-104J "Eiko"
57%
Kawasaki P-3C Orion
57%
Northrop Grumman RQ-4B Global Hawk
57%
Mitsubishi T-2
57%
Fuji T-3
57%
Kawasaki T-33A "Wakataka"
57%
Kawasaki T-4
57%
Fuji T-5
57%
Mitsubishi UH-60J Black Hawk
57%
ShinMaywa US-1A
57%
ShinMaywa US-2
57%
Curtiss C-46A Commando
43%
Northrop Grumman E-2C Hawkeye
43%
Eurocopter EC225LP Super Puma
43%
Boeing KC-46A Pegasus
43%
Boeing KC-767J
43%
Sikorsky MH-53E Sea Dragon
43%
Kawasaki OH-1 "Ninja"
43%
Kawasaki OH-6D Cayuse
43%
Kawasaki P-2J "Owashi"
43%
Mitsubishi SH-3A (HSS-2) "Chidori"
43%
Fuji T-1A Hatsutaka
43%
North American T-28B Trojan
43%
North American T-6F "Matsukaze"
43%
Mitsubishi X-2 "Shinshin"
43%
Kawasaki–Vertol KV-107A
29%
Beechcraft LC-90
29%
Mitsubishi LR-1
29%
Mitsubishi MU-2S
29%
Fuji O-1E (L-19E) "Soyokaza"
29%
Hawker Beechcraft T-400
29%
Fuji T-7
29%
Learjet U-36A
29%
Subaru UH-2
29%
NAMC YS-11M
29%
Kawasaki BK 117 A4
14%
Piasecki CH-21B "Houo"
14%
Grumman HU-16D (UF-2) "Harigane"
14%
Grumman JRF-5 Goose
14%
Stinson L-5 Sentinel
14%
Fuji LM-1 Nikko
14%
Beechcraft LR-2
14%
Kawasaki MCH-101
14%
Lockheed PV-2 Harpoon
14%
Westland S-51 Dragonfly
14%
General Motors TBM-3W Avenger
14%
Airbus Helicopters TH-135
14%
Enstrom TH-480
14%
Raytheon U-125A
14%
Gulfstream U-4
14%
Cessna U-680A
14%
Piper U-7A (L-21B) Super Cub
14%
Beechcraft A65 "Umibato"
0%
Fuji KM-2
0%
Mitsubishi S-62J "Raicho"
0%
Beechcraft SNB-4 "Benibato"
0%
Kawasaki TH-55J Osage
0%
Sikorsky UH-19C Chickasaw
0%
No matching quizzes found
Score Distribution
Percent of People with Each Score
Percentile by Number Answered
Your Score History
You have not taken this quiz since the last reset